000 00637nam a2200253Ia 4500
003 OSt
005 20221005131739.0
006 a|||||r|||| 00| 0
007 ta
008 221004b |||||||| |||| 00| 0 tam d
024 _a48600
037 _cTextual
040 _aCRL
_cCRL
_btam
041 _2tam
_atam
082 _aO31,1M28w, 31L3
100 _aNanoa Kumar Au.
_9640012
245 0 _aSubhramaniya bharati
260 _c1989
300 _a544p.
_ccm.
650 _a TAMIL POETRY
650 _aTAMIL LITERATURE
942 _hO31,1M28w, 31L3
_cTEXL
_2cc
999 _c1061262
_d1061262